Guess the Number - Statistics

General Stats
  • This quiz has been taken 61 times
  • The average score is 10 of 15
Answer Stats
Hint Number % Correct
Value of Sin(30) (in degrees not radians) 1/2
100%
1+1 2
100%
57 degrees is how many radians 1
96%
Value of Cos(180) on the Unit Circle -1
96%
√64 divided by 2 4
89%
Number of original British colonies in North America 13
82%
Number of U.S. states 50
80%
Number of countries in the world 196
77%
Age of the oldest person alive 116
68%
Number of years since Jetpunk has been established 16
64%
Number of years since the United States declared independence from Great Britain 248
45%
Number of Immortal guardians who protected the King of Persia 10000
34%
Number of protons in a Iodine atom 53
34%
Number of centimeters in a mile 160934
18%
Altitude of Mount Everest (in meters) 8848
18%
No matching quizzes found
Score Distribution
Percent of People with Each Score
Percentile by Number Answered
Your Score History
You have not taken this quiz